Statystyki dla Największe miasta w województwie małopolskim A-Z

Kliknij tutaj aby rozwiązać quiz!

Ogólne statystyki

  • Ten quiz został rozwiązany 5 602 razy
  • Średni wynik to 9 z 19

Statystyki odpowiedzi

#MiastoPopulacja% Poprawnych
KKraków800 653
99%
TTarnów106 259
83%
NNowy Sącz81 281
79%
ZZakopane25 770
77%
WWieliczka26 599
64%
BBochnia28 946
62%
OOświęcim36 956
57%
AAndrychów19 203
55%
MMyślenice18 051
45%
CChrzanów35 091
43%
GGorlice26 405
43%
DDąbrowa Tarnowska11 549
29%
PProszowice5 936
28%
RRabka-Zdrój12 468
28%
SSkawina24 177
27%
JJordanów5 313
21%
ŻŻabno4 177
19%
LLibiąż16 385
17%
ŚŚwiątniki Górne2 418
11%

Rozkład punktacji

Percentyl według liczby udzielonych odpowiedzi

Procent ludzi z każdym wynikiem

Twoja historia wyników

Nie rozwiązałeś tego quizu